000 00521pab a2200169 454500
008 180718b2015 xxu||||| |||| 00| 0 eng d
100 _aTumbe, Chinmay
245 _aTowards financial inclusion: the post office of India as a financial institution, 1880-2010
260 _c2015
300 _ap.409-437.
362 _aOct-Dec
650 _aFinancial institutions - India
650 _aPostal services - India
650 _aPostal services
773 _aIndian Economic and Social History Review
909 _a110099
999 _c110094
_d110094